00556nam a2200181Ia 450000500170000000800410001702000150005808200130007324500850008625000090017126000220018030000170020265000140021970000230023394200060025695200970026299900150035920240604030956.0240331s9999 xx 000 0 und d a9555800510 bCONa954 0aConflict and violence in South Asia :bBangladesh, India, Pakistan and Sri Lanka a1 st aKandybICESc2000 aviii,436 p., aConflicts aDeSilva, K.M, . ed cL 001040708LaWERCLbWERCLcSSCd2024-03-31l0o 954.3 CONp4321r2024-03-31w2024-03-31yL c3504d3504